Welcome to CU Library Online Public Access Catalogue (OPAC)

Our Business and Economic World (Record no. 2500)

MARC details
000 -LEADER
fixed length control field 00594nam a22001937a 4500
005 - DATE AND TIME OF LATEST TRANSACTION
control field 20250110120708.0
008 - FIXED-LENGTH DATA ELEMENTS--GENERAL INFORMATION
fixed length control field 250110b |||||||| |||| 00| 0 eng d
020 ## - INTERNATIONAL STANDARD BOOK NUMBER
International Standard Book Number 9780395390597
050 ## - LIBRARY OF CONGRESS CALL NUMBER
Classification number HF5351 BRO
100 ## - MAIN ENTRY--PERSONAL NAME
Personal name Brown Betty J.
245 ## - TITLE STATEMENT
Title Our Business and Economic World
Statement of responsibility, etc. Betty J. Brown & John E. Clow
250 ## - EDITION STATEMENT
Edition statement 2nd Ed.
260 ## - PUBLICATION, DISTRIBUTION, ETC.
Place of publication, distribution, etc. Illinois
Name of publisher, distributor, etc. Glencoe Division of Macmillan/McGraw-Hill Publishing Company
Date of publication, distribution, etc. 1989
300 ## - PHYSICAL DESCRIPTION
Extent x. 662p.
Other physical details ill. col.
Dimensions 24 cm x 19.5 cm
500 ## - GENERAL NOTE
General note Includes Index
650 ## - SUBJECT ADDED ENTRY--TOPICAL TERM
Source of heading or term Economics
700 ## - ADDED ENTRY--PERSONAL NAME
Personal name Clow John E.
942 ## - ADDED ENTRY ELEMENTS (KOHA)
Source of classification or shelving scheme Library of Congress Classification
Koha item type Books
Edition 2nd Ed.
Suppress in OPAC No
999 ## -
-- 2500
-- 2500
Holdings
Withdrawn status Lost status Source of classification or shelving scheme Damaged status Not for loan Collection Home library Current library Shelving location Date acquired Total checkouts Full call number Barcode Date last seen Copy number Price effective from Koha item type
    Library of Congress Classification     Non-fiction Business Library (Miotso) Business Library (Miotso) General stacks 01/10/2025   HF5351 BRO BSSM00000396 01/10/2025 1 01/10/2025 Books
    Library of Congress Classification     Non-fiction Business Library (Miotso) Business Library (Miotso) General stacks 01/10/2025   HF5351 BRO BSSM00000397 01/10/2025 2 01/10/2025 Books
    Library of Congress Classification     Non-fiction Business Library (Miotso) Business Library (Miotso) General stacks 01/10/2025   HF5351 BRO BSSM00000398 01/10/2025 3 01/10/2025 Books
© 2023-2024 Copyright: Central University Libraries. All Rights Reserved | Created by: Mahone Tech Office